Zweiter Weltkrieg multiple choice - Statistiken

Allgemein
  • Dieses Quiz wurde 77 mal gespielt
  • Das Durchschnittsergebnis liegt bei 10 aus 15
Antwortstatistiken
Frage Antwort % Korrekt
Wo landete die amerikanische Armee am D-Day? In der Normandie
96%
Welches Verteidigungssystem sollte einen deutschen Einmarsch nach Frankreich verhindern? Die Maginot Linie
91%
Welches Unternehmen begann den deutschen Einmarsch in die Sowjetunion? Unternehmen Barbarossa
90%
Welche Soldaten erreichten Berlin als erstes? Die Russen
87%
Welchen Spitznamen gaben die Alliierten Erwin Rommel? Der Wüstenfuchs
84%
In welcher Schlacht konnten über 300.000 britische Soldaten zurück nach England evakuiert werden? Die Schlacht von Dünkirchen (Dunkirk)
78%
Wer war der Oberbefehlshaber der amerikanischen Armee? Dwight. D Eisenhower
74%
Welche Pazifikschlacht wendete das Blatt für die USA? Die Schlacht um Midway
70%
Was tat Italien nach Mussolinis Absetzung? Die Seite wechseln
65%
Welcher US-Präsident ließ die Atombomben auf Japan abwerfen? Harry Truman
61%
Wie wie amerikanischen Flugzeugträger wurden bei Pearl Harbor zerstört? keine
61%
Mit welchem Vetrag teilten Deutschland und die Sowjetunion Polen unter sich auf? Der Molotow-Ribbentrop Pakt
55%
Wer übernahm nach Hitlers Tod die Rolle als Führer? Karl Dönitz
55%
Welches Unternehmen in den Niederlanden gilt als großer Misserfolg der Alliierten? Operation Market Garden
43%
Wie weit war die Wehrmacht von Moskau entfernt, als sie der Stadt am nächsten lag? 19 km
30%
Keine übereinstimmenden Quizze gefunden
Verteilung der Resultate
Anzahl Personen mit jedem Resultat
Perzentil nach korrekt beantworteten Fragen
Ihre Resultats-Entwicklung
Sie haben dieses Quiz noch nicht gespielt